Statistics for Countries With the 20 Largest Armies

Click here to take the quiz!

General Stats

  • This quiz has been taken 121 times
  • The average score is 14 of 20

Answer Stats

Amount of Soldiers Country % Correct
1,492,200US
100%
2,333,000China
99%
1,325,000India
97%
845,000Russia
95%
1,190,000North Korea
95%
318,480Brazil
87%
643,800Pakistan
84%
630,000South Korea
83%
523,000Iran
82%
270,250Mexico
73%
271,500Iraq
72%
438,500Egypt
69%
510,600Turkey
69%
395,800Indonesia
68%
482,000Vietnam
60%
360,850Thailand
57%
250,000Ukraine
51%
290,000Taiwan
35%
466,713Colombia
34%
406,000Myanmar
26%

Score Distribution

Percentile by Number Answered

Percent of People with Each Score

Your Score History

You have not taken this quiz